[Event "HZ Chess Tournament 2024"]
[Site "Vlissingen, Netherlands"]
[Date "2024.08.09"]
[Round "8.1"]
[White "Setyaki, Azarya Jodi"]
[Black "L'Ami, Erwin"]
[Result "1/2-1/2"]
[WhiteElo "2370"]
[BlackElo "2629"]
[PlyCount "91"]

1. e4 c6 2. d4 d5 3. e5 Bf5 4. Nf3 e6 5. Be2 Nd7 6. O-O a5 7. a4 f6 8. c4 fxe5
9. dxe5 Bc5 10. Nbd2 Ne7 11. Nb3 O-O 12. Nxc5 Nxc5 13. Nd4 Qd7 14. Be3 b6 15.
Rc1 Be4 16. Bg4 Kh8 17. Qd2 Ng6 18. f4 Rae8 19. Nxe6 Nxe6 20. f5 Nxe5 21. fxe6
Qe7 22. Bg5 Qc5+ 23. Be3 Qe7 24. Bg5 Nxc4 25. Rxf8+ Qxf8 26. Qd4 c5 27. Qc3 Qd6
28. Rf1 Kg8 29. e7 Rxe7 30. Bxe7 Qxe7 31. Qh3 h6 32. Be6+ Kh7 33. Bxd5 Qe5 34.
Bxe4+ Qxe4 35. b3 Nd2 36. Rd1 Qc2 37. Qg4 Nxb3 38. Rd7 Qb1+ 39. Kf2 Qb2+ 40.
Kg1 Qb1+ 41. Kf2 Qb2+ 42. Qe2 Qf6+ 43. Qf3 Qb2+ 44. Qe2 Qf6+ 45. Qf3 Qb2+ 46.
Qe2 1/2-1/2

[Event "HZ Chess Tournament 2024"]
[Site "Vlissingen, Netherlands"]
[Date "2024.08.09"]
[Round "8.2"]
[White "Pavlidis, Antonios"]
[Black "De Winter, Arthur"]
[Result "1/2-1/2"]
[WhiteElo "2566"]
[BlackElo "2411"]
[PlyCount "101"]

1. e4 c5 2. Nf3 d6 3. Nc3 a6 4. a4 Nf6 5. e5 dxe5 6. Nxe5 Qd6 7. Nc4 Qe6+ 8.
Be2 Nc6 9. Nb6 Rb8 10. a5 Nd4 11. O-O Qd6 12. Nxc8 Rxc8 13. Bf3 Nxf3+ 14. Qxf3
Qc6 15. Qxc6+ Rxc6 16. b3 e6 17. d3 Bd6 18. Re1 Bc7 19. Bd2 O-O 20. g3 Rd8 21.
Na4 Nd5 22. Nb2 Nb4 23. Bxb4 cxb4 24. Nc4 Rc5 25. Ra4 Rb5 26. Re4 Kf8 27. Kg2
Ke7 28. Ra1 Rdd5 29. Ne3 Rd7 30. Nc4 Rdd5 31. Kf1 Bxa5 32. Rxa5 Rxa5 33. Nxa5
Rxa5 34. Rxb4 b5 35. Ke2 h5 36. Kd2 Kd6 37. Rd4+ Kc7 38. Rh4 g6 39. g4 hxg4 40.
Rh7 Ra1 41. Rxf7+ Kd6 42. Rf4 Rf1 43. b4 g5 44. Rf7 Rh1 45. Ra7 Rxh2 46. Rxa6+
Ke5 47. Ke3 Rh3+ 48. Ke2 Rh2 49. Ke3 Rh3+ 50. Ke2 Rh2 51. Ke3 1/2-1/2

[Event "HZ Chess Tournament 2024"]
[Site "Vlissingen, Netherlands"]
[Date "2024.08.09"]
[Round "8.3"]
[White "Ter-Sahakyan, Samvel"]
[Black "Bharath Subramaniyam H"]
[Result "1/2-1/2"]
[WhiteElo "2609"]
[BlackElo "2566"]
[PlyCount "84"]

1. e4 e5 2. Nf3 Nc6 3. Bb5 Nf6 4. O-O Nxe4 5. Re1 Nd6 6. Nxe5 Be7 7. Bf1 Nxe5
8. Rxe5 O-O 9. Nc3 Bf6 10. Re1 Re8 11. Nd5 Rxe1 12. Qxe1 b6 13. d3 Bb7 14.
Nxf6+ Qxf6 15. Qb4 Re8 16. Qf4 Qxf4 17. Bxf4 Nf5 18. c3 c5 19. a4 f6 20. f3 g5
21. Bd2 Kf7 22. Kf2 a5 23. Be2 h5 24. b4 axb4 25. cxb4 cxb4 26. Bxb4 Bc6 27.
Bd2 h4 28. Bd1 Ra8 29. Bc3 Kg6 30. Bd2 Kf7 31. a5 bxa5 32. Rxa5 Rxa5 33. Bxa5
Bb5 34. Bc2 Nd4 35. Bb1 Ne6 36. Ke3 Nf4 37. g3 hxg3 38. hxg3 Nh5 39. Bc7 Ng7
40. Ba2+ Ke7 41. g4 Ne6 42. Bg3 Bc6 1/2-1/2

[Event "HZ Chess Tournament 2024"]
[Site "Vlissingen, Netherlands"]
[Date "2024.08.09"]
[Round "8.4"]
[White "Ferreira, Jorge Viterbo"]
[Black "Karsay, Pascal"]
[Result "1/2-1/2"]
[WhiteElo "2523"]
[BlackElo "2357"]
[PlyCount "49"]

1. e4 e5 2. Nf3 Nc6 3. Bb5 a6 4. Ba4 Nf6 5. O-O Be7 6. Re1 b5 7. Bb3 O-O 8. a4
Na5 9. axb5 Nxb3 10. cxb3 Bb7 11. Nc3 axb5 12. Rxa8 Bxa8 13. Nxb5 c5 14. d3 d6
15. Bg5 Nh5 16. Bxe7 Qxe7 17. Nc3 Nf4 18. Ne2 Ne6 19. Ng3 g6 20. Qc2 Rb8 21.
Ra1 Bc6 22. Ne2 Qb7 23. Nd2 d5 24. f3 Bb5 25. Nf1 1/2-1/2

[Event "HZ Chess Tournament 2024"]
[Site "Vlissingen, Netherlands"]
[Date "2024.08.09"]
[Round "8.5"]
[White "Fernandez, Daniel Howard"]
[Black "De Jong, Migchiel"]
[Result "1-0"]
[WhiteElo "2519"]
[BlackElo "2313"]
[PlyCount "119"]

1. e4 c5 2. Nf3 e6 3. g3 Nc6 4. Bg2 Nf6 5. Qe2 e5 6. O-O Be7 7. c3 O-O 8. Na3
Re8 9. d3 h6 10. Nc4 Bf8 11. Re1 d6 12. a3 b5 13. Ne3 Be6 14. Nd2 d5 15. Qf3
Ne7 16. exd5 Nexd5 17. Ne4 Rc8 18. Nf5 c4 19. Rd1 cxd3 20. Rxd3 Nxe4 21. Qxe4
Qf6 22. Rf3 Qg6 23. Qxe5 Nxc3 24. Nh4 Qe4 25. Re3 Qxe5 26. Rxe5 Bc4 27. Rxe8
Rxe8 28. Be3 Na4 29. b4 Nb6 30. Nf5 Rd8 31. h4 h5 32. Bc5 Be6 33. Ne7+ Bxe7 34.
Bxe7 Rd7 35. Bc5 Bd5 36. Bh3 Be6 37. Bxe6 fxe6 38. Bxb6 axb6 39. Rc1 Kf7 40.
Rc6 Rb7 41. Kg2 Kf6 42. Kf3 Ke5 43. Ke3 Kd5 44. Rc3 e5 45. f3 Ra7 46. Rd3+ Ke6
47. Ke4 Rc7 48. Rd8 Rc4+ 49. Kd3 Rc7 50. Rb8 Rc6 51. g4 Rd6+ 52. Ke3 g6 53.
gxh5 gxh5 54. Rh8 Kd5 55. Rxh5 Kc4 56. Rxe5 Rd3+ 57. Kf4 Rxa3 58. Re4+ Kc3 59.
h5 Ra1 60. h6 1-0

[Event "HZ Chess Tournament 2024"]
[Site "Vlissingen, Netherlands"]
[Date "2024.08.09"]
[Round "8.6"]
[White "Syrov, Arkadi"]
[Black "Hausrath, Daniel"]
[Result "0-1"]
[WhiteElo "2263"]
[BlackElo "2469"]
[PlyCount "122"]

1. e4 c6 2. d4 d5 3. e5 Bf5 4. h4 Qc7 5. h5 h6 6. g4 Bd7 7. Nc3 e6 8. Nf3 c5 9.
Be3 cxd4 10. Qxd4 Nc6 11. Qf4 Bb4 12. Bd2 a6 13. a3 Ba5 14. Bd3 Nge7 15. b4 Bb6
16. Na4 Nd4 17. Nxb6 Nxf3+ 18. Qxf3 Qxb6 19. Qf4 Bb5 20. Be3 Qc7 21. Bc5 f6 22.
Bg6+ Nxg6 23. hxg6 fxe5 24. Qg3 b6 25. Bd4 Qxc2 26. Qxe5 Qxg6 27. Rc1 Bc4 28.
f4 O-O 29. Rg1 Ra7 30. Rc3 Raf7 31. Rf3 Qe4+ 32. Qxe4 dxe4 33. Re3 Rxf4 34.
Bxb6 Bd3 35. Kd2 Rf2+ 36. Kc3 Ra2 37. g5 h5 38. g6 Rc2+ 39. Kb3 Rff2 40. Rh3
Bc4+ 41. Ka4 Rf3 42. Rd1 Bd5 43. Rxf3 exf3 44. Ka5 Ra2 45. Kxa6 Rxa3+ 46. Kb5
Kf8 47. Bc5+ Ke8 48. Rh1 Be4 49. Rxh5 Bxg6 50. Rh8+ Kd7 51. Rg8 Bd3+ 52. Kb6 e5
53. Rxg7+ Ke6 54. Re7+ Kd5 55. Rd7+ Kc4 56. Rf7 e4 57. Rd7 Rb3 58. Kc6 Rb2 59.
Rf7 Rxb4 60. Bxb4 Kxb4 61. Kd5 Kc3 0-1

[Event "HZ Chess Tournament 2024"]
[Site "Vlissingen, Netherlands"]
[Date "2024.08.09"]
[Round "8.7"]
[White "Ikonnikov, Vyacheslav"]
[Black "Rappazzo, Johannes"]
[Result "1-0"]
[WhiteElo "2447"]
[BlackElo "2278"]
[PlyCount "97"]

1. d4 Nf6 2. Nf3 g6 3. c4 Bg7 4. Nc3 O-O 5. e4 d6 6. Be2 e5 7. d5 a5 8. Be3 Na6
9. Nd2 Nd7 10. O-O f5 11. f3 Qh4 12. Kh1 Bh6 13. g3 Qh3 14. Bxh6 Qxh6 15. exf5
gxf5 16. f4 Nac5 17. Nb3 a4 18. Nxc5 Nxc5 19. Bd3 Bd7 20. Bc2 Rae8 21. Qd2 Qf6
22. a3 Re7 23. Rf2 e4 24. Re1 Rg7 25. Qe3 Be8 26. h3 Bh5 27. Nxa4 Nxa4 28. Bxa4
Bf3+ 29. Kh2 Qg6 30. Rg1 Qh5 31. Rgf1 Rf6 32. Rxf3 exf3 33. Rxf3 Rh6 34. h4 Qg6
35. Qf2 Re7 36. Re3 Qf6 37. Rxe7 Qxe7 38. Bc2 Rf6 39. Qf3 Rf7 40. Bxf5 Rg7 41.
Be6+ Kf8 42. Qc3 Ke8 43. f5 h5 44. f6 Qf8 45. Bf5 Re7 46. Bg6+ Kd7 47. Bxh5 Re5
48. Qf3 Qh6 49. Qg4+ 1-0

[Event "HZ Chess Tournament 2024"]
[Site "Vlissingen, Netherlands"]
[Date "2024.08.09"]
[Round "8.8"]
[White "De Boer, Eelke"]
[Black "Karacsonyi, Gellert"]
[Result "1/2-1/2"]
[WhiteElo "2270"]
[BlackElo "2395"]
[PlyCount "24"]

1. e4 e5 2. Nf3 Nc6 3. Bb5 a6 4. Ba4 Bc5 5. c3 Nge7 6. d4 exd4 7. cxd4 Bb4+ 8.
Bd2 Bxd2+ 9. Qxd2 d5 10. exd5 Qxd5 11. O-O O-O 12. Nc3 Qd6 1/2-1/2

[Event "HZ Chess Tournament 2024"]
[Site "Vlissingen, Netherlands"]
[Date "2024.08.09"]
[Round "8.9"]
[White "Perestjuk, Marko"]
[Black "Leenhouts, Koen"]
[Result "0-1"]
[WhiteElo "2171"]
[BlackElo "2446"]
[PlyCount "110"]

1. e4 c5 2. Nf3 e6 3. d4 cxd4 4. Nxd4 a6 5. Bd3 Bc5 6. Nb3 Ba7 7. Qe2 Ne7 8.
Be3 Nbc6 9. Nc3 O-O 10. O-O-O b5 11. f4 Nb4 12. g4 Bxe3+ 13. Qxe3 Bb7 14. Rhg1
Rc8 15. Kb1 Nxd3 16. Qxd3 Ng6 17. Rgf1 Qh4 18. h3 Rfd8 19. Ne2 d5 20. e5 d4 21.
Nbxd4 Bg2 22. Rg1 Qf2 23. Qd2 h6 24. c3 b4 25. Ka1 bxc3 26. bxc3 Bd5 27. Qe1
Qe3 28. Qg3 Qxg3 29. Rxg3 Bc4 30. Rgg1 Rd5 31. Rb1 Rcd8 32. Rge1 Nh4 33. Rb4
Ng2 34. Rg1 Ne3 35. Rg3 a5 36. Rb7 Nf1 37. Rg2 Rc5 38. Kb2 Bd5 39. Rg1 Bxb7 40.
Rxf1 Rb8 41. Kc1 Ba6 42. Kc2 Bxe2 43. Nxe2 Rcb5 44. a4 Rb2+ 45. Kd3 Ra2 46. f5
exf5 47. gxf5 Re8 48. Rf4 Rxe5 49. Ng3 Rd5+ 50. Ke3 Rad2 51. Rg4 R5d3+ 52. Kf4
Rf2+ 53. Ke5 f6+ 54. Ke4 Rxc3 55. Nh5 Rc4+ 0-1

[Event "HZ Chess Tournament 2024"]
[Site "Vlissingen, Netherlands"]
[Date "2024.08.09"]
[Round "8.10"]
[White "Beukema, Stefan"]
[Black "De Rycke, Tyani"]
[Result "1-0"]
[WhiteElo "2435"]
[BlackElo "2122"]
[PlyCount "71"]

1. d4 Nf6 2. c4 g6 3. g3 Bg7 4. Bg2 O-O 5. Nc3 d6 6. h3 Nbd7 7. Nf3 e5 8. e4
exd4 9. Nxd4 Nc5 10. O-O h6 11. Rb1 Re8 12. Re1 a5 13. b3 c6 14. Bb2 Qc7 15.
Qd2 Nfd7 16. Ba1 Nb6 17. Rbd1 a4 18. Ndb5 cxb5 19. Nxb5 Qe7 20. Bxg7 Kxg7 21.
Nxd6 Ne6 22. c5 Nd7 23. b4 Rd8 24. f4 Kh7 25. Qc3 Nb8 26. f5 Nc7 27. Nxf7 Rg8
28. fxg6+ Kxg6 29. Rf1 Be6 30. e5 Nd7 31. Qe3 Rh8 32. Nxh8+ Rxh8 33. Bxb7 Bxh3
34. Bg2 Bxg2 35. Qd3+ Kg7 36. Qxd7 1-0

[Event "HZ Chess Tournament 2024"]
[Site "Vlissingen, Netherlands"]
[Date "2024.08.09"]
[Round "8.11"]
[White "Arfan, Aditya Bagus"]
[Black "Fronda, Jan Jodilyn"]
[Result "1-0"]
[WhiteElo "2405"]
[BlackElo "2089"]
[PlyCount "69"]

1. Nf3 d6 2. e4 Nf6 3. Nc3 c5 4. Bb5+ Nbd7 5. d4 cxd4 6. Qxd4 g6 7. Bg5 Bg7 8.
Qd2 O-O 9. Bh6 a6 10. Bxd7 Bxd7 11. h4 Qa5 12. Bxg7 Kxg7 13. Nd4 Rac8 14. f3
Rc4 15. h5 Rfc8 16. hxg6 fxg6 17. Nb3 Qe5 18. O-O-O Nh5 19. g4 Nf4 20. Qh2 h5
21. gxh5 gxh5 22. Kb1 Be6 23. Qg3+ Kh6 24. Nd4 Rg8 25. Qf2 Rg2 26. Qe3 Qg5 27.
Nxe6 Nxe6 28. Qb6 Nc5 29. Qd8 Qg7 30. Qe8 Rg6 31. Nd5 Rxc2 32. Rxh5+ Kxh5 33.
Kxc2 Kg5 34. Rg1+ Kh6 35. Nf4 1-0

[Event "HZ Chess Tournament 2024"]
[Site "Vlissingen, Netherlands"]
[Date "2024.08.09"]
[Round "8.12"]
[White "Frayna, Janelle Mae"]
[Black "Van Delft, Merijn"]
[Result "1/2-1/2"]
[WhiteElo "2162"]
[BlackElo "2360"]
[PlyCount "38"]

1. e4 c5 2. Nf3 d6 3. Bb5+ Nd7 4. a4 Ngf6 5. Nc3 a6 6. Be2 b6 7. d4 cxd4 8.
Qxd4 e6 9. O-O Bb7 10. Nd2 Qc7 11. Qc4 Qb8 12. Qd4 h5 13. Nc4 d5 14. exd5 Bc5
15. Qh4 Nxd5 16. Nxd5 Bxd5 17. Bf4 Qb7 18. Nd6+ Bxd6 19. Bxd6 Nf6 1/2-1/2

[Event "HZ Chess Tournament 2024"]
[Site "Vlissingen, Netherlands"]
[Date "2024.08.09"]
[Round "8.13"]
[White "Tarigan, Gilbert Elroy"]
[Black "Provoost, Simon"]
[Result "1-0"]
[WhiteElo "2359"]
[BlackElo "2198"]
[PlyCount "67"]

1. e4 c6 2. d4 d5 3. e5 c5 4. c4 cxd4 5. Nf3 e6 6. Nxd4 Nc6 7. Nc3 Bb4 8. Nxc6
bxc6 9. Bd3 Ne7 10. cxd5 Bxc3+ 11. bxc3 cxd5 12. O-O O-O 13. Qh5 Ng6 14. Re1
Qa5 15. Qe2 Rb8 16. g3 Bd7 17. a4 Qxc3 18. Ra3 Rb3 19. Rxb3 Qxb3 20. h4 Nxe5
21. Bxh7+ Kxh7 22. Qxe5 Qxa4 23. h5 Bb5 24. h6 Qg4 25. hxg7 Qxg7 26. Qh5+ Kg8
27. Bh6 Qh8 28. Qg4+ Kh7 29. Bxf8 Qxf8 30. Re5 f5 31. Qh5+ Qh6 32. Qf7+ Qg7 33.
Qxe6 Bd3 34. Qd6 1-0

[Event "HZ Chess Tournament 2024"]
[Site "Vlissingen, Netherlands"]
[Date "2024.08.09"]
[Round "8.14"]
[White "Hng, Mei-En Emmanuelle"]
[Black "Kumar, Prajit Sai"]
[Result "1-0"]
[WhiteElo "2145"]
[BlackElo "2185"]
[PlyCount "75"]

1. e4 c5 2. d4 cxd4 3. c3 dxc3 4. Nxc3 e6 5. Bc4 Nc6 6. Nf3 Bb4 7. O-O Nge7 8.
Qe2 O-O 9. Rd1 Ng6 10. Bg5 Qa5 11. h4 Nce5 12. Bb3 Bxc3 13. bxc3 h6 14. Be3
Nxf3+ 15. Qxf3 Nxh4 16. Qg4 Ng6 17. f4 h5 18. Qh3 d6 19. Rxd6 b6 20. Rad1 Qxc3
21. f5 exf5 22. Rxg6 fxe4 23. Qg3 Kh7 24. Rg5 Bg4 25. Rxg4 hxg4 26. Qh4+ Kg8
27. Bd4 Qc6 28. Qxg4 Qh6 29. Qxe4 Qh5 30. Rf1 Rae8 31. Qf4 Qg6 32. Be5 Rd8 33.
Rf3 Rd7 34. Rg3 Qb1+ 35. Kh2 Qh7+ 36. Rh3 Qg6 37. Qh4 Qh6 38. Qg4 1-0

[Event "HZ Chess Tournament 2024"]
[Site "Vlissingen, Netherlands"]
[Date "2024.08.09"]
[Round "8.15"]
[White "Coenen, Eduard"]
[Black "Boulahfa, Hicham"]
[Result "1-0"]
[WhiteElo "2069"]
[BlackElo "2001"]
[PlyCount "87"]

1. d4 Nf6 2. Nf3 e6 3. g3 b6 4. Bg2 Bb7 5. O-O Be7 6. b3 O-O 7. Bb2 c5 8. c4
cxd4 9. Qxd4 Nc6 10. Qd2 d5 11. cxd5 Nxd5 12. Rd1 Bf6 13. Na3 Bxb2 14. Qxb2 Qe7
15. Nc4 Rfd8 16. a3 Rac8 17. Rac1 h6 18. b4 b5 19. Nce5 Nb6 20. Rxd8+ Qxd8 21.
Nd3 Nc4 22. Qa1 Ne7 23. Rd1 Qc7 24. Nc5 Bc6 25. e4 Rd8 26. Rxd8+ Qxd8 27. Bf1
Nc8 28. Qc1 N8b6 29. a4 a6 30. a5 Nd7 31. Nxd7 Qxd7 32. Bxc4 bxc4 33. Ne5 Qd6
34. Qxc4 Qd1+ 35. Qf1 Qxf1+ 36. Kxf1 Bxe4 37. Ke2 f6 38. Ke3 Bg2 39. Nd3 Kf7
40. f3 Ke7 41. b5 Kd6 42. bxa6 Kc7 43. Nf4 Bf1 44. Nxe6+ 1-0

[Event "HZ Chess Tournament 2024"]
[Site "Vlissingen, Netherlands"]
[Date "2024.08.09"]
[Round "8.16"]
[White "Goossens, Hanne"]
[Black "Van Rootselaar, Rik"]
[Result "1-0"]
[WhiteElo "2172"]
[BlackElo "2152"]
[PlyCount "125"]

1. e4 c5 2. c3 d5 3. exd5 Nf6 4. Bb5+ Nbd7 5. c4 a6 6. Bxd7+ Bxd7 7. Nf3 e6 8.
Qe2 Be7 9. dxe6 Bxe6 10. O-O Qd6 11. b3 O-O-O 12. Bb2 h5 13. d4 cxd4 14. Nxd4
Ng4 15. Nf3 Qc7 16. Nc3 Rhe8 17. Nd5 Bxd5 18. cxd5 Bc5 19. Qd3 Kb8 20. h3 Nxf2
21. Rxf2 Re3 22. Qd1 g5 23. Nd4 Rxd5 24. Qxh5 Rxd4 25. Bxd4 Bxd4 26. Rd1 Qe5
27. Kh1 f6 28. Rff1 Ka7 29. Qh7 Rg3 30. Qc2 g4 31. Rf5 Qe3 32. hxg4 Rxg4 33.
Rh5 Bb6 34. Qd3 Qf2 35. Qf3 Rh4+ 36. Rxh4 Qxh4+ 37. Qh3 Qf2 38. a4 Qc2 39. Rf1
Qe2 40. Qf3 Qe5 41. g3 Bd4 42. Rd1 Qc5 43. Qd3 Be5 44. Kg2 Ka8 45. Rd2 Qc6+ 46.
Qf3 Qb6 47. Rc2 Bb8 48. Qd3 Be5 49. Re2 Ka7 50. a5 Qd4 51. Qxd4+ Bxd4 52. Re6
Kb8 53. Kf3 Kc7 54. Ke4 Bc3 55. g4 Bxa5 56. Rxf6 Bb4 57. Re6 a5 58. g5 b5 59.
g6 Kd7 60. Ra6 Ke7 61. Kf5 Kf8 62. Ra7 Bd6 63. Rxa5 1-0

[Event "HZ Chess Tournament 2024"]
[Site "Vlissingen, Netherlands"]
[Date "2024.08.09"]
[Round "8.17"]
[White "Nieuwelink, Kees"]
[Black "Van Gool, Henk"]
[Result "1-0"]
[WhiteElo "2084"]
[BlackElo "2172"]
[PlyCount "97"]

1. e4 c5 2. Nf3 Nc6 3. d4 cxd4 4. Nxd4 e6 5. Nc3 Qc7 6. f4 a6 7. Nxc6 bxc6 8.
Bd3 d5 9. O-O Bc5+ 10. Kh1 h5 11. Qe2 Nf6 12. Be3 d4 13. Bg1 e5 14. Na4 Ba7 15.
f5 h4 16. h3 Nh5 17. Bh2 Qa5 18. b3 Kf8 19. Nb2 Bb8 20. Nc4 Qc5 21. b4 Qa7 22.
a4 Kg8 23. Rab1 f6 24. a5 Bc7 25. Qg4 Rh6 26. Nd2 g5 27. Nf3 Bd8 28. Nxh4 Ng7
29. Bc4+ Kh8 30. Nf3 Qe7 31. h4 Ne8 32. Kg1 Nd6 33. Bb3 Qg7 34. hxg5 Rb8 35.
Be6 Rxh2 36. Kxh2 Bxe6 37. fxe6 Nc4 38. Qh3+ Kg8 39. gxf6 Bxf6 40. Rb3 Ne3 41.
Re1 Rb7 42. Rexe3 dxe3 43. Rxe3 Qg6 44. Kg1 Rxb4 45. Nh4 Qh7 46. Rg3+ Bg7 47.
e7 Rb1+ 48. Kf2 Kf7 49. Qd7 1-0

[Event "HZ Chess Tournament 2024"]
[Site "Vlissingen, Netherlands"]
[Date "2024.08.09"]
[Round "8.18"]
[White "Grochal, Joey"]
[Black "Kamphuis, Jasper"]
[Result "1-0"]
[WhiteElo "2251"]
[BlackElo "2059"]
[PlyCount "93"]

1. d4 Nf6 2. c4 g6 3. Nc3 Bg7 4. e4 d6 5. Nf3 O-O 6. Be2 e5 7. d5 a5 8. Bg5 h6
9. Be3 Kh7 10. Nd2 Na6 11. g4 c6 12. h4 Ng8 13. h5 g5 14. O-O Nc5 15. a3 cxd5
16. cxd5 Nf6 17. f3 Bd7 18. b4 Na6 19. Nc4 axb4 20. axb4 Qe7 21. Kg2 Rg8 22.
Rh1 Rac8 23. Qb3 Bf8 24. Nb6 Rc7 25. Nxd7 Qxd7 26. Bb6 Rc8 27. Ra5 Bg7 28. Bb5
Qe7 29. Bxa6 bxa6 30. Rxa6 Qb7 31. b5 Rxc3 32. Qxc3 Rc8 33. Qb3 Nd7 34. Bf2 Nc5
35. Bxc5 Rxc5 36. Rb1 Qc8 37. Rc6 Qa8 38. Rxc5 dxc5 39. b6 Qa6 40. b7 Qe2+ 41.
Kg3 f5 42. gxf5 g4 43. b8=Q Qd2 44. fxg4 Qf4+ 45. Kh3 c4 46. Qg3 Qxe4 47. f6
1-0

[Event "HZ Chess Tournament 2024"]
[Site "Vlissingen, Netherlands"]
[Date "2024.08.09"]
[Round "8.19"]
[White "Honkoop, Gilian"]
[Black "Marzano, Carlo"]
[Result "1/2-1/2"]
[WhiteElo "2189"]
[BlackElo "2079"]
[PlyCount "44"]

1. Nf3 d5 2. g3 Nf6 3. Bg2 c6 4. O-O Bg4 5. h3 Bh5 6. c4 e6 7. d4 Nbd7 8. cxd5
exd5 9. Ne5 Bg6 10. Nc3 Nxe5 11. dxe5 Ne4 12. Nxe4 Bxe4 13. Bxe4 dxe4 14. Qb3
Qc8 15. Be3 Be7 16. Rac1 O-O 17. Rc4 Qxh3 18. Qxb7 Bh4 19. gxh4 Qg4+ 20. Kh2
Qxh4+ 21. Kg2 Qg4+ 22. Kh2 Qh4+ 1/2-1/2

[Event "HZ Chess Tournament 2024"]
[Site "Vlissingen, Netherlands"]
[Date "2024.08.09"]
[Round "8.20"]
[White "Karacsonyi, Kata"]
[Black "Verhoeven, Robin"]
[Result "1-0"]
[WhiteElo "2184"]
[BlackElo "2059"]
[PlyCount "79"]

1. e4 d6 2. d4 Nf6 3. Nc3 g6 4. Be2 Bg7 5. h4 h5 6. Nf3 a6 7. Ng5 b5 8. Bf3 c6
9. Qd3 Ra7 10. a4 Qc7 11. Be3 Ng4 12. Bxg4 hxg4 13. d5 c5 14. axb5 axb5 15.
Rxa7 Qxa7 16. Qxb5+ Bd7 17. Qb3 Na6 18. Kd2 Nb4 19. Qxb4 cxb4 20. Bxa7 bxc3+
21. bxc3 Bh6 22. Rb1 Bc8 23. Be3 f6 24. Ne6 Bxe3+ 25. Kxe3 Rxh4 26. Rb8 Kd7 27.
Ra8 g5 28. Ra7+ Ke8 29. Nd4 g3 30. fxg3 Rh1 31. Ra8 Kd7 32. Nc6 Re1+ 33. Kd4
Bb7 34. Ra7 Kc7 35. Na5 Kb6 36. Rxb7+ Kxa5 37. Rxe7 Re2 38. Re6 Rxg2 39. Rxd6
Rxg3 40. Rxf6 1-0

[Event "HZ Chess Tournament 2024"]
[Site "Vlissingen, Netherlands"]
[Date "2024.08.09"]
[Round "8.21"]
[White "Weber, Nikita"]
[Black "Boeren, Jurriaan"]
[Result "1/2-1/2"]
[WhiteElo "2078"]
[BlackElo "2159"]
[PlyCount "131"]

1. d4 d5 2. c4 e6 3. Nc3 Nf6 4. cxd5 exd5 5. Bg5 Be7 6. e3 O-O 7. Bd3 h6 8. Bh4
Re8 9. Nge2 Nbd7 10. O-O c6 11. f3 b5 12. Qd2 a5 13. Bf2 Nb6 14. Ng3 b4 15.
Nce2 Ba6 16. Bxa6 Rxa6 17. b3 Bf8 18. Nc1 c5 19. dxc5 Nbd7 20. Nd3 Nxc5 21.
Nxc5 Bxc5 22. Rac1 Rc6 23. Nf5 Qb6 24. Nd4 Rcc8 25. Rc2 Bxd4 26. exd4 Rxc2 27.
Qxc2 Qa6 28. Re1 Rc8 29. Qf5 Qc6 30. Be3 Qc2 31. Qxc2 Rxc2 32. Ra1 Kh7 33. Bc1
Ne8 34. Bf4 g5 35. Bg3 Rd2 36. Kf1 Ng7 37. Bc7 Nf5 38. Bxa5 Ne3+ 39. Kg1 Rxg2+
40. Kh1 Re2 41. Rb1 Nc2 42. Rb2 Rd2 43. Bb6 Kg6 44. Bc5 Kf5 45. Bd6 g4 46.
fxg4+ Kxg4 47. Rb1 Rxd4 48. Rg1+ Kf3 49. Rg3+ Ke2 50. Rg2+ Kd1 51. Rg1+ Kd2 52.
Rg2+ Kc1 53. Rg1+ Kb2 54. Be5 Kxa2 55. Bxd4 Nxd4 56. Rd1 Nxb3 57. Rxd5 Nc1 58.
Ra5+ Kb1 59. Rf5 b3 60. Rxf7 b2 61. Rb7 Kc2 62. Rxb2+ Kxb2 63. Kg2 Nd3 64. Kg3
Kc3 65. Kg4 Kd4 66. Kh5 1/2-1/2

[Event "HZ Chess Tournament 2024"]
[Site "Vlissingen, Netherlands"]
[Date "2024.08.09"]
[Round "8.23"]
[White "Duchene, Rene"]
[Black "Kools, Thomas"]
[Result "1-0"]
[WhiteElo "2048"]
[BlackElo "2116"]
[PlyCount "45"]

1. Nf3 d5 2. e3 Nf6 3. c4 e6 4. Nc3 Be7 5. b3 Nbd7 6. Bb2 O-O 7. d4 c6 8. Bd3
b6 9. O-O Bb7 10. Qe2 c5 11. cxd5 Nxd5 12. Nxd5 Bxd5 13. Rfd1 cxd4 14. Nxd4 Nc5
15. Bc2 f5 16. b4 Nd7 17. e4 fxe4 18. Bxe4 Qe8 19. Nxe6 Bxe4 20. Qxe4 Bf6 21.
Qd5 Bxb2 22. Nxf8+ Kxf8 23. Rab1 1-0

[Event "HZ Chess Tournament 2024"]
[Site "Vlissingen, Netherlands"]
[Date "2024.08.09"]
[Round "8.24"]
[White "Van der Werf, Joel"]
[Black "Den Heijer, Rolinde"]
[Result "1-0"]
[WhiteElo "2114"]
[BlackElo "1981"]
[PlyCount "99"]

1. e4 c5 2. Nf3 d6 3. d4 cxd4 4. Nxd4 Nf6 5. Nc3 a6 6. Be3 e5 7. Nb3 Be7 8. f3
Be6 9. Qd2 h5 10. Nd5 Nxd5 11. exd5 Bf5 12. Be2 Qc7 13. c4 Bh4+ 14. g3 Be7 15.
Rc1 b6 16. Na1 a5 17. Nc2 Nd7 18. Na3 Nc5 19. Nb5 Qd7 20. b3 Kf8 21. h4 Bf6 22.
Bg5 Bxg5 23. hxg5 e4 24. f4 Bg4 25. Rc3 Rd8 26. Rh4 Kg8 27. Re3 Qf5 28. Nd4 Qg6
29. Nc6 Re8 30. a3 f6 31. gxf6 gxf6 32. b4 axb4 33. axb4 Nd7 34. Bxg4 hxg4 35.
Rxh8+ Kxh8 36. Re2 Kg7 37. Rh2 e3 38. Qc2 f5 39. Qc3+ Nf6 40. Nd4 Ra8 41. Nb5
Qe8 42. Nxd6 Qd7 43. Qe5 Kg6 44. Rh6+ Kxh6 45. Qxf6+ Kh7 46. Qxf5+ Qxf5 47.
Nxf5 Ra4 48. d6 Kg6 49. d7 Ra8 50. Ne7+ 1-0

[Event "HZ Chess Tournament 2024"]
[Site "Vlissingen, Netherlands"]
[Date "2024.08.09"]
[Round "8.25"]
[White "Goossens, Xavier"]
[Black "Margarido, Jose Miguel Tei"]
[Result "1-0"]
[WhiteElo "2010"]
[BlackElo "2112"]
[PlyCount "99"]

1. e4 c5 2. Nf3 e6 3. Be2 Nc6 4. O-O Nf6 5. Nc3 a6 6. d3 Qc7 7. Nh4 Be7 8. g3
b5 9. Bf3 d6 10. Bg2 O-O 11. f4 b4 12. Ne2 Rb8 13. h3 a5 14. Be3 Re8 15. a4
bxa3 16. bxa3 Nd7 17. Nf3 Bf6 18. Rb1 Rxb1 19. Qxb1 Ba6 20. Qa2 Rb8 21. Rb1
Rxb1+ 22. Qxb1 g6 23. Kf2 Qb6 24. Qxb6 Nxb6 25. e5 Be7 26. exd6 Bxd6 27. Nc3
Nd7 28. Ne4 Be7 29. Bc1 Nd4 30. Nxd4 cxd4 31. Ke2 Nc5 32. Bb2 Bb7 33. Bxd4 Nxe4
34. Bxe4 Bxe4 35. dxe4 Bxa3 36. Kd3 Bc1 37. c4 Kf8 38. Bc5+ Ke8 39. Kc2 f5 40.
exf5 Bxf4 41. gxf4 exf5 42. Kb3 Kd7 43. Ka4 h6 44. Be3 Kd6 45. Kxa5 g5 46. fxg5
Ke6 47. Kb6 f4 48. Bd4 Kd7 49. c5 f3 50. Kb7 1-0

[Event "HZ Chess Tournament 2024"]
[Site "Vlissingen, Netherlands"]
[Date "2024.08.09"]
[Round "8.26"]
[White "Galle, Andre"]
[Black "Wink, Luka"]
[Result "1/2-1/2"]
[WhiteElo "1942"]
[BlackElo "2090"]
[PlyCount "63"]

1. c4 f5 2. Nc3 Nf6 3. g3 d6 4. Bg2 e5 5. d3 Be7 6. e3 O-O 7. Nge2 c6 8. O-O
Na6 9. Rb1 Nc7 10. b4 d5 11. cxd5 cxd5 12. d4 e4 13. b5 Nd7 14. Na4 Nb6 15.
Nxb6 axb6 16. Qb3 Be6 17. a4 Qd7 18. Bd2 Rfc8 19. h4 Ne8 20. Rfc1 Nd6 21. Nf4
Nc4 22. Bb4 Rc7 23. Bf1 Rac8 24. Bxc4 Rxc4 25. Rxc4 Rxc4 26. Bxe7 Qxe7 27. Kg2
Bf7 28. Ra1 Qc7 29. a5 bxa5 30. b6 Qd6 31. Rxa5 g6 32. Qb5 1/2-1/2

[Event "HZ Chess Tournament 2024"]
[Site "Vlissingen, Netherlands"]
[Date "2024.08.09"]
[Round "8.27"]
[White "Verheij, Dana"]
[Black "Goudriaan, Rafael"]
[Result "1/2-1/2"]
[WhiteElo "1941"]
[BlackElo "2079"]
[PlyCount "73"]

1. e4 c5 2. Nc3 a6 3. g3 b5 4. Bg2 Bb7 5. d3 e6 6. f4 d5 7. Qe2 Be7 8. Nf3 Nf6
9. e5 Nfd7 10. O-O O-O 11. Nd1 Nc6 12. c3 b4 13. Nf2 a5 14. g4 Qc7 15. Re1 Rfe8
16. f5 Bf8 17. d4 f6 18. g5 fxe5 19. fxe6 Rxe6 20. dxe5 Ncxe5 21. Bf4 Bd6 22.
Nh4 Rae8 23. Qc2 Nf3+ 24. Nxf3 Rxe1+ 25. Rxe1 Rxe1+ 26. Nxe1 Bxf4 27. Qf5 Qd6
28. Nf3 Nf8 29. Nd3 Be3+ 30. Kh1 Qg6 31. Nh4 Qxf5 32. Nxf5 Bxg5 33. Nxc5 Bc8
34. Bxd5+ Kh8 35. Nd6 Be7 36. Nf7+ Kg8 37. Nh6+ 1/2-1/2

[Event "HZ Chess Tournament 2024"]
[Site "Vlissingen, Netherlands"]
[Date "2024.08.09"]
[Round "8.28"]
[White "Bezemer, Arno"]
[Black "Aarts, Joaquin"]
[Result "0-1"]
[WhiteElo "2225"]
[BlackElo "2015"]
[PlyCount "32"]

1. d4 Nf6 2. c4 e6 3. Nc3 Bb4 4. e3 O-O 5. Bd3 d5 6. a3 Bxc3+ 7. bxc3 dxc4 8.
Bxc4 c5 9. Nf3 Qc7 10. Qe2 cxd4 11. Nxd4 e5 12. Nc2 Bf5 13. Ra2 Rc8 14. e4 Nxe4
15. Qf3 Qxc4 16. Qxf5 Nd6 0-1